Smal Scale Enterprises : Projects : Profile & Process (Record no. 478128)
[ view plain ]
| 000 -LEADER | |
|---|---|
| fixed length control field | 00700nam a2200205Ia 4500 |
| 008 - FIXED-LENGTH DATA ELEMENTS--GENERAL INFORMATION | |
| fixed length control field | 100315s9999 xx 000 0 und d |
| 040 ## - CATALOGING SOURCE | |
| Transcribing agency | ENGLISH |
| 082 ## - DEWEY DECIMAL CLASSIFICATION NUMBER | |
| Item number | 3393 |
| Classification number | 658.404 |
| 100 ## - MAIN ENTRY--PERSONAL NAME | |
| Personal name | "Desai, Vasant " |
| 245 ## - TITLE STATEMENT | |
| Title | Smal Scale Enterprises : Projects : Profile & Process |
| 260 ## - PUBLICATION, DISTRIBUTION, ETC. (IMPRINT) | |
| Place of publication, distribution, etc | Mumbai |
| Name of publisher, distributor, etc | Himalaya Publishing House |
| Date of publication, distribution, etc | 1999 |
| 300 ## - PHYSICAL DESCRIPTION | |
| Extent | 621p. |
| 365 ## - TRADE PRICE | |
| Price note | Rupees |
| Unit of pricing | 1 |
| Price amount | 1000.00 |
| 366 ## - TRADE AVAILABILITY INFORMATION | |
| Publishers' discount category | 0 |
| 505 ## - FORMATTED CONTENTS NOTE | |
| Miscellaneous information | Tushar Jadhav |
| 620 ## - | |
| -- | "The Decision of Self-Employed, Land & Building, Power Connection " |
| 630 ## - SUBJECT ADDED ENTRY--UNIFORM TITLE | |
| Uniform title | Smal Scale Enterprises : Projects : Profile & Process |
| 730 ## - ADDED ENTRY--UNIFORM TITLE | |
| Uniform title | Smal Scale Enterprises : Projects : Profile & Process |
| 942 ## - ADDED ENTRY ELEMENTS (KOHA) | |
| Koha item type | Book |
| Withdrawn status | Lost status | Materials specified (bound volume or other part) | Damaged status | Not for loan | Home library | Current library | Date acquired | Cost, normal purchase price | Total Checkouts | Full call number | Barcode | Date last seen | Price effective from | Koha item type |
|---|---|---|---|---|---|---|---|---|---|---|---|---|---|---|
| III | Dr. V. N. Bedekar Institute of Management Studies Library | Dr. V. N. Bedekar Institute of Management Studies Library | 12/02/2005 | 1000.00 | 658.404 /DES 3393 | VPMBRIMS-3393 | 03/19/2010 | 03/19/2010 | Book |